Countries Chrome has visited from a map of themostpopulous region(Map) - Statistics

General Stats
  • This quiz has been taken 16 times
    15 since last reset
  • The average score is 7 of 14
Answer Stats
Picture Answer % Correct
Canada
100%
U.S.A
75%
Vatican City
75%
Italy
67%
Malta
67%
Mexíco
67%
Spain
67%
The Bahamas
50%
El Salvador
33%
France
33%
Belize
25%
Bermuda/U.K.
25%
Honduras
25%
Switzerland
25%
No matching quizzes found
Score Distribution
Percent of People with Each Score
Percentile by Number Answered
Your Score History
You have not taken this quiz since the last reset